Elektrochimičeskije metody analiza : Osnovy teorii i primenenije /

Gespeichert in:
Bibliographische Detailangaben
1. Verfasser: Plambeck, James A (Verfasst von)
Weitere Verfasser: Kachan, B.G (Übersetzung)
Format: Buch
Sprache:Russisch
Veröffentlicht: Moskva : Mir, 1985
Schlagworte:
Tags: Tag hinzufügen
Keine Tags, Fügen Sie das erste Tag hinzu!

MARC

LEADER 00000nam a22000003a 4500
001 stu40521
005 20150617225721.6
008 930511s1985----xxr-----------------rus-d
040 |a STU  |b slo 
041 0 |a rus 
044 |a xxr 
100 1 |a Plambeck, James A  |4 aut 
245 1 |a Elektrochimičeskije metody analiza :  |b Osnovy teorii i primenenije /  |c [aut.]James A. Plambeck; Z angl. B.G. Kachan 
260 |a Moskva :  |b Mir,  |c 1985 
300 |a 504 s 
650 7 |a Analýza elektrochemická  |2 stusub 
650 7 |a metódy  |2 stusub 
700 1 |a Kachan, B.G  |4 trl 
996 |b 284M062491  |c M*7042-1  |l MMKN  |s A  |a 24  |w stu40521_0001